000 00615cam a2200193 4500
001 WB3707-08
008 000000n2001 000 0 eng u
035 _a(Sirsi) u110876
245 _aCorner shops back in favour
260 _c2001
490 _aTimes
_v 12 February 2001, 23(1)
520 _aCorner shops have provided a better return for investors than prime high street units in a survey by Donaldson's.
590 _aWB
650 _aRETAIL UNITS
650 _aCORNER SHOPS
650 _aINVESTMENT
690 _aPROPERTY-COMMERCIAL PROPERTY-COMMERCIAL PROPERTY FINANCE AND INVESTMENT
942 _n0
999 _c66096
_d66096